Les 15 musées les plus visités de France. - Statistiques

Statistiques générales
  • Ce quiz a été pris 85 fois
  • Le résultat moyen est 3 sur 15
Statistiques - réponses
Nombres de visiteurs Réponse % Correct
7 038 404 Musée du Louvre
99%
2 997 625 Musée d'Orsay
65%
3 428 688 Centre Pompidou
51%
910 845 Musée du Quai Branly
21%
670 000 Musée Picasso
19%
584 007 Musée Auguste Rodin
18%
6 701 193 Château de Versailles
13%
1 206 065 Musée de l'Armée
6%
606 852 Grande Galerie de l'Evolution
3%
588 059 Musée des Civilisations de l'Europe et de la Méditerranée
1%
589 167 Musée d'Art et d'Histoire
0%
613 402 Musée d'Art Moderne de Paris
0%
782 030 Musée de l'Orangerie des Tuileries
0%
885 798 Musée des Beaux - Arts de Paris
0%
767 509 Musée d'Histoires Naturelles de Lyon
0%
Aucun quiz correspondant
Distribution des résultats
% des personnes avec chaque résultat
Percentile par nombre de réponses
Votre historique - résultats
Vous n’avez pas pris ce quiz